000 00482nam a2200181Ia 4500
005 20250508151841.0
008 008 250505s9999 xx 000 0 eng d
037 _aTextual
040 _aFEDL
_beng
_cFEDL
041 _aeng
_2eng
084 _a796.48, ABR
_qFEDL
100 _aAbrahams Harold
_9757828
245 0 _aOlympic games book
260 _aLondon, UK
_bJames Barrie
_c1956
300 _a223p.
942 _cTEXL
_h796.48, ABR
999 _c1332510
_d1332510